000 00349nam a2200145Ia 4500
008 150201s2009 xx 000 0 und d
082 _a611
_bD09A
100 _aASH,M M
245 _aWHEELER DENTAL ANATOMY PHYSIOLOGY AND OCCLUSION
250 _a8TH
260 _bELESEVIER
_aNOIDA
_c2009
300 _a1-523
650 _aDENTISTRY
942 _2ddc
_cBK
999 _c348
_d348